| 000 | 00867nam a2200229Ii 4500 | ||
|---|---|---|---|
| 003 | JO-AjNU | ||
| 008 | 230605s9999||||xx |||||||||||||| ||und|| | ||
| 017 | _a2007/8/2615 | ||
| 020 | _a9957-16-372-3 | ||
| 040 |
_aJO-AjNU _bara _erda _cJO-AjNU |
||
| 041 | _aara | ||
| 050 | 1 | 4 | _aKMM80.K57 2010 |
| 100 | 3 |
_aالكسواني ، عامر محمود, _eauthor _912290 |
|
| 245 | 0 | 0 | _aأحكام الالنزام : آثار الحق في القانون المدني " دراسة مقارنة " |
| 250 | _aط2 | ||
| 264 | 3 | 1 | _aعمان : دار الثقافة ، 2010 |
| 300 |
_a304ص _bيشتمل على مراجع ببلوغرافية ص ( 303 - 304 ) |
||
| 336 |
_atext _btxt _2rdacontent |
||
| 337 |
_aunmediated _bn _2rdamedia |
||
| 338 |
_avolume _bnc _2rdacarrier |
||
| 650 | 4 |
_aالقانون المدني -- أصول المحاكمات -- الأردن _912291 |
|
| 999 |
_aA2762 _c6330 _d6330 |
||